Movies Quiz

Random Movies or Clickable Quiz
Score 0/51 Timer 09:00
1 Play Today
% Correct
Sylvester Stallone
95.3%
Tobey Maguire
93.3%
Christian Bale
92.5%
Tom Cruise
91.5%
Keanu Reeves
91.2%
Heath Ledger
91%
Bruce Willis
90.5%
Angelina Jolie
90.3%
Matt Damon
90.2%
Jennifer Lawrence
88.9%
Kirsten Dunst
87.2%
Brendan Fraser
84.1%
Chris Hemsworth
81.9%
Pierce Brosnan
80.8%
Gerard Butler
79.1%
Brad Pitt
78.2%
Ben Stiller
76.1%
Maggie Gyllenhaal
74.1%
Natalie Portman
73.8%
Willem Dafoe
73.5%
Alan Rickman
73.2%
Tom Hiddleston
68.2%
Hugo Weaving
62.8%
Donald Sutherland
62.7%
Vince Vaughn
62.3%
Kevin Spacey
62.3%
% Correct
Rachel Weisz
61.9%
Gwyneth Paltrow
61.8%
Carrie-Anne Moss
61.1%
Shailene Woodley
60%
Liam Hemsworth
59.4%
Carl Weathers
59.3%
Chris Pratt
56.5%
Will Ferrell
53.1%
Talia Shire
51.4%
Christine Taylor
50.3%
Lena Headey
47.6%
Philip Seymour Hoffman
45.8%
Elizabeth Banks
44.3%
Sean Bean
44%
Bonnie Bedelia
42.8%
Theo James
42.2%
Kate Winslet
42.1%
Daniel Craig
36.6%
Izabella Scorupco
36.1%
Arnold Vosloo
35.2%
Franka Potente
34.6%
Michelle Monaghan
33.9%
Rodrigo Santoro
31.9%
Chris Cooper
31.8%
Iain Glen
18.2%
Remove Ads.
Support Sporcle.
Get the best of Sporcle when you Go Orange. This ad-free experience offers more features, more stats, and more fun while also helping to support Sporcle. Thank you for becoming a member.

You're not logged in!

Compare scores with friends on all Sporcle quizzes.
OR
Log In

Sporcle TV

Today on Sporcle TV


Watch our educational content, quiz creation guides, and fun videos on Sporcle TV.

Show Comments

Extras

Top Quizzes Today


Score Distribution

Paid Content

Your Account Isn't Verified!

In order to create a playlist on Sporcle, you need to verify the email address you used during registration. Go to your Sporcle Settings to finish the process.

Report this User

Report this user for behavior that violates our Community Guidelines.

Details: